| 000 | 00738cam a2200241 a 4500 | ||
|---|---|---|---|
| 001 | 000011983 | ||
| 003 | DO-SdBNP | ||
| 005 | 20250807144847.0 | ||
| 008 | 820604s1970 gt 001 0 spa | ||
| 040 |
_aDO-SdBNP _bspa _cLC _dBNPHU |
||
| 049 | _aBNGR | ||
| 082 |
_a394-3 _bM798e |
||
| 100 | 1 |
_aMontoya, Matilde. _928337 |
|
| 245 | 1 | 0 |
_aEstudio sobre el Baile de la conquista / _cMatilde Montoya. |
| 260 |
_aGuatemala : _bUniversidad de San Carlos ; _bUnivesitaria, _c1970. |
||
| 300 |
_a422 p. ; _c23 cm. |
||
| 650 | 0 |
_aFolclore _933448 |
|
| 650 | 0 |
_aDanza _928339 |
|
| 710 | 2 |
_aEl Baile de la conquista. _b1970. _928340 |
|
| 740 | 0 | _aEstudio del Baile de la conquista. | |
| 910 | _aCatalogación por copia / LC | ||
| 942 |
_2ddc _cLBS1 |
||
| 999 |
_c11652 _d11652 |
||